Loading...
Auditory Arts | 3 | 10.00 | 100% | 0% | 0% |
Beliefs | 4 | 7.50 | 75% | 0% | 0% |
Current Events | 2 | 5.00 | 50% | 0% | 0% |
Fine Arts - Other Arts | 4 | 10.00 | 75% | 25% | 0% |
Geography | 1 | 20.00 | 100% | 100% | 0% |
History - American History | 4 | 10.00 | 100% | 0% | 0% |
History - Ancient History | 2 | 15.00 | 100% | 50% | 0% |
History - European History | 4 | 12.50 | 75% | 50% | 0% |
History - Other History | 1 | 30.00 | 100% | 100% | 100% |
History - World History | 7 | 10.00 | 86% | 14% | 0% |
Literature - American Literature | 2 | 10.00 | 100% | 0% | 0% |
Literature - British Literature | 5 | 18.00 | 100% | 80% | 0% |
Literature - European Literature | 4 | 12.50 | 100% | 25% | 0% |
Literature - World Literature | 6 | 18.33 | 100% | 67% | 17% |
Other Academic | 1 | 0.00 | 0% | 0% | 0% |
Philosophy | 2 | 15.00 | 50% | 50% | 50% |
Science - Biology | 3 | 16.67 | 100% | 67% | 0% |
Science - Chemistry | 4 | 15.00 | 100% | 0% | 50% |
Science - Other Science | 3 | 10.00 | 67% | 33% | 0% |
Science - Physics | 3 | 13.33 | 67% | 67% | 0% |
Social Science | 7 | 15.71 | 86% | 57% | 14% |
Visual Arts | 5 | 8.00 | 80% | 0% | 0% |